Statistics for 江苏省地图 Jiangsu Map Quiz

Click here to take the quiz!

General Stats

  • This quiz has been taken 3 219 times
  • The average score is 12 of 13

Answers on the Map

Answers color-coded by a green-red scale on the quiz's map according to % correct below.
 

Answer Stats

区划% Correct
南京市
99%
苏州市
99%
连云港市
95%
无锡市
94%
徐州市
94%
南通市
91%
常州市
90%
盐城市
89%
扬州市
89%
镇江市
84%
泰州市
84%
宿迁市
83%
淮安市
79%

Score Distribution

Percentile by Number Answered

Percent of People with Each Score

Your Score History

You have not taken this quiz